|
|
|
|
| LEADER |
00649nab a2200181 i 4500 |
| 001 |
acta25970 |
| 005 |
20210225090651.0 |
| 008 |
161017s1968 hu o 0|| hun d |
| 022 |
|
|
|a 0544-7224
|
| 040 |
|
|
|a SZTE Egyetemi Kiadványok Repozitórium
|b hun
|
| 041 |
|
|
|a hun
|
| 100 |
1 |
|
|a Vértes Gellértné
|
| 245 |
1 |
0 |
|a [Ipari munka]
|h [elektronikus dokumentum] :
|b [az építkezésen dolgozók munkája, munkaeszközeik] /
|c Vértes Gellértné
|
| 260 |
|
|
|c 1968
|
| 300 |
|
|
|a 3-12
|
| 490 |
0 |
|
|a Módszertani közlemények
|v 8 No. 1
|
| 695 |
|
|
|a Neveléstudomány
|
| 856 |
4 |
0 |
|u http://acta.bibl.u-szeged.hu/25970/1/modszertani_008_001_003-012.pdf
|z Dokumentum-elérés
|